000 00824nam a2200253Ia 4500
003 OSt
005 20220930075343.0
006 a|||||r|||| 00| 0
007 ta
008 220926b |||||||| |||| 00| 0 eng d
024 _a80290
037 _cTheses
040 _aCRL
_cCRL
_beng
041 _2eng
_aeng
100 _aSiddiqui Sameena Hasan
_9536370
110 _aUniversity of Delhi. Faculty of Social Sciences. Department of History
245 0 _aHistory and the administration of the shrine of Shaikh Nizamuddin Auliya upto c. 1880's
260 _c2002
650 _aHISTORY
700 _a Dr. S. Z. H. Jafri Gu.
_9536371
700 _aUniversity of Delhi. Faculty of Social Sciences. Department of History
942 _cDIS
_2CC
999 _c868113
_d868113